| 000 | 01082nab a2200193 i 4500 | ||
|---|---|---|---|
| 001 | 768714001 | ||
| 003 | CO-MdFUSB | ||
| 005 | 20240502104251.0 | ||
| 008 | 240502t1965 sp ||||| |||| 00| 0 spa d | ||
| 040 |
_bspa _cCO-MdFUSB _dCO-MdFUSB |
||
| 041 | _aspa | ||
| 100 |
_aKahlefeld, Heinrich, _eautor |
||
| 245 | 4 |
_aLas pericopas bíblicas y la predicación _c/ Heinrich Kahlefeld |
|
| 520 | _aEl notable avance de la teología al distinguir la verdad divina de la multitud de profecías y elevarla al objeto más elevado del pensamiento sistemático fue costoso debido a una disminución del interés en la exégesis objetiva de las Escrituras. El efecto es este: uno puede imponer fácilmente la opinión de que la Biblia ya sabe lo que revela y, por lo tanto, su uso debe limitarse a probar las verdades que de ella se derivan | ||
| 650 | 7 |
_aTeología bíblica _9320 |
|
| 650 | 0 |
_aPredicación _954 |
|
| 773 | 0 |
_049450 _982568 _oR2500 _tRevista internacional de teología Concilium _w(CO-MdFUSB)8 _x0210-1041 _gNúmero 10, (diciembre, 1965), páginas: 48 - 62 _qpágina: 48 |
|
| 942 | _cANA | ||
| 999 |
_c69471 _d69471 |
||